| 000 | 00535cam a2200217ua 4500 | ||
|---|---|---|---|
| 020 |
_a0-85226-020-2 _c155.00 |
||
| 041 |
_aeng _h |
||
| 082 |
_a541.3 _bNEG/TE |
||
| 100 | _aNegi, A.S. | ||
| 245 |
_aText book of physical chemistry / _cA.S Negi. _hTextual Documents |
||
| 250 |
_a4 / _b. |
||
| 260 |
_aNew Delhi : _bNew Age International Ltd , _c1995. |
||
| 300 | _a961 ; . | ||
| 365 | _a155.00 | ||
| 500 | _a*CSS | ||
| 504 | _a | ||
| 700 | 1 | _aAnand, S.C. | |
| 942 | _cBK | ||
| 999 |
_c7612 _d7612 |
||